000 00679nam a22001697a 4500
999 _c63440
_d63440
005 20251009162427.0
008 251009s1978 ru ||||| |||| 00| 0 rus d
041 _arus
080 _a611(084.4) C-38
100 _aСинельников, Р.Д.
_926008
245 _aАтлас анатомии человека :
_bТом 1. Учение о костях, суставах, связках и мышцах /
_cР.Д. Синельников.
250 _aИздание пятое
264 _aМосква :
_bМедицина,
_c1978.
300 _a472 стр.:
_bилл.;
_c27 см.
653 _aადამიანის ატლასი
942 _2udc
_cᲬᲘᲒᲜᲘ